Fundamental science dictionary (Record no. 21206)
[ view plain ]
| 000 -LEADER | |
|---|---|
| fixed length control field | 00267nam a2200109Ia 4500 |
| 082 ## - DEWEY DECIMAL CLASSIFICATION NUMBER | |
| Classification number | 5(038) |
| Item number | JAG |
| 100 ## - MAIN ENTRY--AUTHOR NAME | |
| Personal name | Jagjiwan Singh |
| 245 #0 - TITLE STATEMENT | |
| Title | Fundamental science dictionary |
| 260 ## - PUBLICATION, DISTRIBUTION, ETC. (IMPRINT) | |
| Place of publication | Ranchi |
| Name of publisher | Good Book |
| 942 ## - ADDED ENTRY ELEMENTS (KOHA) | |
| Koha item type | Books |
| Withdrawn status | Lost status | Damaged status | Not for loan | Home library | Current library | Date acquired | Cost, normal purchase price | Full call number | Accession Number | Koha item type |
|---|---|---|---|---|---|---|---|---|---|---|
| RRII Library | RRII Library | 16/12/2021 | 6.50 | 5(038) JAG | 01926 | Books |